000 00412nam a2200181Ia 4500
001 10098
005 20260306161806.0
008 260306t2000||||xx |||||||||||||| ||spa||
041 _aESP
082 _a891.733
_bD93C
100 _aDostoievski, Fedor M.
_eAUT
245 0 _aCrimen y castigo texto impreso
260 _c2000
300 _a
_c
650 _aGEN
654 _aCHU
942 _cLIB
_dJUS
_fJUS
_2ddc
_n
999 _c10098
_d10098